| 000 | 01066nam a22003137a 4500 | ||
|---|---|---|---|
| 003 | CHAP | ||
| 005 | 20220329134355.0 | ||
| 008 | 971013s1975 r 00010 d | ||
| 010 | _a19558 | ||
| 011 | _a20530 | ||
| 035 | _a24618 | ||
| 040 | _cCHAP | ||
| 082 |
_a631.8 _bA5 |
||
| 110 |
_aAmerican Society of Agronomy. Madison, Wis. _95293 |
||
| 245 | _aInternational and national outlook; the necessity for efficient nutrient utilization | ||
| 260 |
_aMadison, Wis., _c1975 |
||
| 300 |
_a75 p. _b; gráfs |
||
| 490 |
_aSpecial publication _v; 25 |
||
| 590 |
_aBATCH-UPD _b10 _c20130110 _lUCH01 _h1729 |
||
| 590 |
_aBATCH-UPD _b10 _c20130410 _lUCH01 _h1111 |
||
| 590 |
_aBATCH-UPD _b10 _c20130914 _lUCH01 _h1427 |
||
| 590 |
_aCONVERSION _b10 _c20130109 _lUCH01 _h1312 |
||
| 650 | 1 | 4 |
_aFertilizantes _xAspectos económicos. _940451 |
| 830 | 0 |
_aSpecial publication _v; 25 _9109152 |
|
| 901 | _aBK | ||
| 942 | _cLIBRO | ||
| 949 |
_a631.8 A5 _bBC _cLIBRO _d33724000171435 _eLIBRO _h53498 _i24618 _si |
||
| 949 |
_a631.8 A5 _bBC _cLIBRO _d33724000171443 _eLIBRO _fc.2 _h53499 _i24618 _si |
||
| 999 |
_c19558 _d19558 |
||